000
00212nam a2200097Ia 4500
008
240331s9999 xx 000 0 und d
082
_b
ELA
100
_a
Elam, D
245
0
_a
Feminism and deconstruction
942
_c
L
999
_c
1937
_d
1937